| 000 | 01148nas a2200349 4500 | ||
|---|---|---|---|
| 001 | BR2011004509 | ||
| 003 | BR-BrBNA | ||
| 005 | 20231205115517.0 | ||
| 007 | ta | ||
| 008 | 230509b bl.|||p| |||| 00| 00por d | ||
| 040 |
_aBR-BrBNA _bpor _cBiblioteca Nacional de Agricultura |
||
| 041 | _a(Pt) | ||
| 072 | _aF02; F01 | ||
| 100 | 1 | _aFerreira, C.A. | |
| 100 | 1 | _aPinho, E.V. de R.V. | |
| 100 | 1 | _aAlvim, P. de O. | |
| 100 | 1 | _aAndrade, V. de | |
| 100 | 1 | _aSilva, T.T. de A. | |
| 100 | 1 | _aCardoso, D.L. | |
| 245 | 1 | _aConservação e determinação da viabilidade de grão de pólen de milho | |
| 246 | 1 | _aConservation and determination of the viability of maize pollen grain | |
| 650 | _aMILHO | ||
| 650 | _aZEA MAYS | ||
| 650 | _aGRÃO | ||
| 650 | _aTUBO POLÍNICO | ||
| 650 | _aGERMINAÇÃO | ||
| 650 | _aARMAZENAMENTO | ||
| 773 | 0 |
_tRevista Brasileira de Milho e Sorgo (Brazil) _xISSN 1676-689X _g(May-Aug 2007), v. 6(2) p. 159-173 _wBR2011004509 |
|
| 856 | 4 |
_uhttp://rbms.cnpms.embrapa.br/index.php/ojs/article/view/222/223 _yRecurso eletrônico (PDF) |
|
| 909 |
_a202311 _bLúcia _c55 _dLúcia Elande |
||
| 942 |
_2AGRIS _n0 _cANA |
||
| 999 |
_c214176 _d214176 |
||